From realism to art nouveau / (Record no. 22633)

000 -LEADER
fixed length control field 01304cam a22003014a 4500
001 - CONTROL NUMBER
control field 15503751
005 - DATE AND TIME OF LATEST TRANSACTION
control field 20170124142921.0
008 - FIXED-LENGTH DATA ELEMENTS--GENERAL INFORMATION
fixed length control field 081029r20092006nyua b 001 0 eng
010 ## - LIBRARY OF CONGRESS CONTROL NUMBER
LC control number 2008047469
020 ## - INTERNATIONAL STANDARD BOOK NUMBER
International Standard Book Number 9781402759260
040 ## - CATALOGING SOURCE
Original cataloging agency DLC
Transcribing agency DLC
Modifying agency DLC
041 1# - LANGUAGE CODE
Language code of text/sound track or separate title eng
Language code of original ita
050 00 - LIBRARY OF CONGRESS CALL NUMBER
Classification number N6447.5
Item number .L6613 2009
100 1# - MAIN ENTRY--PERSONAL NAME
Personal name Lombardi, Laura.
240 10 - UNIFORM TITLE
Uniform title <a href="Dal Realismo all'Art nouveau.">Dal Realismo all'Art nouveau.</a>
Language of a work English
245 10 - TITLE STATEMENT
Title From realism to art nouveau /
Statement of responsibility, etc. Laura Lombardi ; [English translation by Angela Arnone].
260 ## - PUBLICATION, DISTRIBUTION, ETC. (IMPRINT)
Place of publication, distribution, etc. New York, NY :
Name of publisher, distributor, etc. Sterling Pub.,
Date of publication, distribution, etc. 2009.
300 ## - PHYSICAL DESCRIPTION
Extent 192 p. :
Other physical details col. ill. ;
Dimensions 27 cm.
500 ## - GENERAL NOTE
General note Originally published: Dal Realismo all'Art nouveau. Florence : Giunti Editore, c2006.
504 ## - BIBLIOGRAPHY, ETC. NOTE
Bibliography, etc Includes bibliographical references (p. 186-189) and index.
650 #0 - SUBJECT ADDED ENTRY--TOPICAL TERM
Topical term or geographic name as entry element Art movements.
650 #0 - SUBJECT ADDED ENTRY--TOPICAL TERM
Topical term or geographic name as entry element Art, Modern
Chronological subdivision 19th century.
650 #0 - SUBJECT ADDED ENTRY--TOPICAL TERM
Topical term or geographic name as entry element Art, Modern
Chronological subdivision 20th century.
906 ## - LOCAL DATA ELEMENT F, LDF (RLIN)
a 7
b cbc
c orignew
d 1
e ecip
f 20
g y-gencatlg
942 ## - ADDED ENTRY ELEMENTS (KOHA)
Source of classification or shelving scheme
Koha item type Hard Covered Materials
Classification part N 6447.5 .L6613 2009
Holdings
Withdrawn status Lost status Source of classification or shelving scheme Damaged status Not for loan Home library Current library Shelving location Date acquired Source of acquisition Total Checkouts Full call number Barcode Date last seen Price effective from Koha item type
          MACHAKOS UNIVERSITY LIBRARY MACHAKOS UNIVERSITY LIBRARY Technical section 24/01/2017 Donation (B.F.A)   N 6447.5 .L6613 2009 31800 23/07/2018 24/01/2017 Hard Covered Materials
© Machakos University Library, Along The Highway, Machakos Wote Rd, Machakos, Kenya P.O. Box 136 - 90100 Machakos - Kenya

Tel: ( +254 ) 723 805829 OR Fax : 044-20353 OR Email: library@mksu.ac.ke